Pokémon ou footballeur ? - Statistiques

Statistiques générales
  • Ce quiz a été pris 126 fois
    47 depuis la dernière actualisation
  • Le résultat moyen est 21 sur 30
Statistiques - réponses
Question Réponse % Correct
Lukaku Footballeur
97%
Havertz Footballeur
97%
Nidoran Pokemon
95%
Abo Pokemon
89%
Gardevoir Pokemon
89%
Timber Footballeur
87%
Pharamp Pokemon
87%
Pichu Pokemon
84%
Acerbi Footballeur
82%
Ajorque Footballeur
82%
Gobou Pokemon
82%
Groudon Pokemon
82%
Riolu Pokemon
82%
Govou Footballeur
79%
Latias Pokemon
79%
Gallame Pokemon
76%
Taremi Footballeur
74%
Gallas Footballeur
71%
Tylton Pokemon
71%
Latios Pokemon
71%
Lazio Ni l'un ni l'autre
68%
Grosso Footballeur
63%
Zaza Footballeur
61%
Salas Footballeur
53%
Riolo Ni l'un ni l'autre
50%
Bednarek Footballeur
47%
Grosseau Ni l'un ni l'autre
45%
Pichichi Footballeur
42%
Scarinho Ni l'un ni l'autre
34%
Gardien de but Footballeur
29%
Aucun quiz correspondant
Distribution des résultats
% des personnes avec chaque résultat
Percentile par nombre de réponses
Votre historique - résultats
Vous n’avez pas pris ce quiz depuis la dernière actualisation